书目信息 |
| 题名: |
聚酰胺合金技术与应用
|
|
| 作者: | 郭宝华 , 张增民 , 徐军 编著 | |
| 分册: | ||
| 出版信息: | 北京 机械工业出版社 2010.04 |
|
| 页数: | 382页 | |
| 开本: | 24cm | |
| 丛书名: | 实用工程塑料合金技术与应用丛书 | |
| 单 册: | ||
| 中图分类: | TQ323.4 | |
| 科图分类: | ||
| 主题词: | 聚酰胺--ju xian an--合金 | |
| 电子资源: | ||
| ISBN: | 978-7-111-29735-2 | |
| 000 | 01268nam 2200313 450 | |
| 001 | B00000033579 | |
| 005 | 20110711162129.62 | |
| 010 | @a978-7-111-29735-2@dCNY48.00 | |
| 100 | @a20100428d2010 km y0chiy50 ea | |
| 101 | 0 | @achi |
| 102 | @aCN@b110000 | |
| 105 | @aak a 000yy | |
| 106 | @ar | |
| 200 | 1 | @a聚酰胺合金技术与应用@Aju xian an he jin ji shu yu ying yong@f郭宝华, 张增民, 徐军编著 |
| 210 | @a北京@c机械工业出版社@d2010.04 | |
| 215 | @a382页@c图@d24cm | |
| 225 | 2 | @a实用工程塑料合金技术与应用丛书@Ashi yong gong cheng su liao he jin ji shu yu ying yong cong shu |
| 320 | @a有书目 | |
| 330 | @a本书共分11章,在全面、系统介绍各种聚酰胺品种的特点和应用技术的基础上,重点介绍以改性技术为基础的聚酰胺(尼龙)合金及其他改性聚酰胺,包括填充增强尼龙、阻隔尼龙、纳米复合尼龙、阻燃尼龙,以及反应加工、增塑和增粘技术等,并对尼龙的各种成型方法予以详细介绍。 | |
| 333 | @a本书适于塑料行业的技术、研发人员阅读,也可供大专院校相关专业的师生参考。 | |
| 410 | 0 | @12001 @a实用工程塑料合金技术与应用丛书 |
| 586 | @a | |
| 606 | 0 | @a聚酰胺@Aju xian an@x合金 |
| 690 | @aTQ323.4@v5 | |
| 701 | 0 | @a郭宝华@Aguo bao hua@4编著 |
| 701 | 0 | @a张增民@Azhang zeng min@4编著 |
| 701 | 0 | @a徐军@Axu jun@4编著 |
| 801 | 0 | @aCN@c20110610 |
| 905 | @dTQ323.4@eG780@f3 | |
| 聚酰胺合金技术与应用/郭宝华, 张增民, 徐军编著.-北京:机械工业出版社,2010.04 |
| 382页:图;24cm.-(实用工程塑料合金技术与应用丛书) |
| 使用对象:本书适于塑料行业的技术、研发人员阅读,也可供大专院校相关专业的师生参考。 |
| ISBN 978-7-111-29735-2:CNY48.00 |
| 本书共分11章,在全面、系统介绍各种聚酰胺品种的特点和应用技术的基础上,重点介绍以改性技术为基础的聚酰胺(尼龙)合金及其他改性聚酰胺,包括填充增强尼龙、阻隔尼龙、纳米复合尼龙、阻燃尼龙,以及反应加工、增塑和增粘技术等,并对尼龙的各种成型方法予以详细介绍。 |
| ● |
| 相关链接 |
|
|
|
正题名:聚酰胺合金技术与应用
索取号:TQ323.4/G780
 
预约/预借
| 序号 | 登录号 | 条形码 | 馆藏地/架位号 | 状态 | 备注 |
| 1 | 882317 | 208823175 | 自科二线504/504自科库 44排1列6层/ [索取号:TQ323.4/G780] | 在馆 | |
| 2 | 882318 | 208823184 | 自科库501/501自科库 140排9列2层/ [索取号:TQ323.4/G780] | 在馆 | |
| 3 | 882319 | 208823193 | 自科二线504/504自科库 44排5列2层/ [索取号:TQ323.4/G780] | 在馆 |